African Affairs (Record no. 749)
[ view plain ]
| 000 -LEADER | |
|---|---|
| fixed length control field | 00331nam a22001097a 4500 |
| 008 - FIXED-LENGTH DATA ELEMENTS--GENERAL INFORMATION | |
| fixed length control field | 230607b xxu||||| |||| 00| 0 eng d |
| 082 ## - DEWEY DECIMAL CLASSIFICATION NUMBER | |
| Classification number | 960.05 |
| Item number | JAS |
| 245 ## - TITLE STATEMENT | |
| Title | African Affairs |
| Remainder of title | The journal of the Royal African Society |
| Statement of responsibility, etc. | Oxford University Press |
| 260 ## - PUBLICATION, DISTRIBUTION, ETC. (IMPRINT) | |
| Place of publication, distribution, etc. | USA |
| Name of publisher, distributor, etc. | Oxford University Press |
| Date of publication, distribution, etc. | Volume |
| 300 ## - PHYSICAL DESCRIPTION | |
| Extent | volume |
| 942 ## - ADDED ENTRY ELEMENTS (KOHA) | |
| Source of classification or shelving scheme | Dewey Decimal Classification |
| Koha item type | Books |
| Withdrawn status | Lost status | Source of classification or shelving scheme | Damaged status | Not for loan | Home library | Current library | Date acquired | Total Checkouts | Full call number | Barcode | Date last seen | Copy number | Price effective from | Koha item type |
|---|---|---|---|---|---|---|---|---|---|---|---|---|---|---|
| Dewey Decimal Classification | Bunge Tower Library | Bunge Tower Library | 06/07/2023 | 960.05 JAS | 1000165 | 06/07/2023 | Vol 102, No 406, January 2003 | 06/07/2023 | Books | |||||
| Dewey Decimal Classification | Bunge Tower Library | Bunge Tower Library | 06/07/2023 | 960.05 JAS | 10015161 | 06/07/2023 | Vol 107, No 428, July 2008 | 06/07/2023 | Books | |||||
| Dewey Decimal Classification | Bunge Tower Library | Bunge Tower Library | 06/07/2023 | 960.05 JAS | 10015163 | 06/07/2023 | Vol 106, No 422, January 2007 | 06/07/2023 | Books | |||||
| Dewey Decimal Classification | Bunge Tower Library | Bunge Tower Library | 06/07/2023 | 960.05 JAS | 10015162 | 06/07/2023 | Vol 107, No 429, October 2008 | 06/07/2023 | Books | |||||
| Dewey Decimal Classification | Bunge Tower Library | Bunge Tower Library | 06/07/2023 | 960.05 JAS | 10015160 | 06/07/2023 | Vol 107, No 429, October 2008 | 06/07/2023 | Books | |||||
| Dewey Decimal Classification | Bunge Tower Library | Bunge Tower Library | 06/07/2023 | 960.05 JAS | 1000169 | 06/07/2023 | Vol 112, No 448, July 2013 | 06/07/2023 | Books | |||||
| Dewey Decimal Classification | Bunge Tower Library | Bunge Tower Library | 06/07/2023 | 960.05 JAS | 1000166 | 06/07/2023 | Vol 114, No 456, July 2015 | 06/07/2023 | Books | |||||
| Dewey Decimal Classification | Bunge Tower Library | Bunge Tower Library | 06/07/2023 | 960.05 JAS | 1000167 | 06/07/2023 | Vol 114, No 457, October 2015 | 06/07/2023 | Books | |||||
| Dewey Decimal Classification | Bunge Tower Library | Bunge Tower Library | 06/07/2023 | 960.05 JAS | 1000168 | 06/07/2023 | Vol 114, No 455, April 2015 | 06/07/2023 | Books |
